000 00792nam a2200241Ia 4500
008 191130s2010##################000#0#eng##
020 _a9780470516690
022 _a2009051057
040 _aACL
_cACL
082 _a301.0723 STO
100 _aStoop, Ineke A. L
245 _aImproving survey response : lessons learned from the European social survey
_cIneke Stoop ... [et al.]
260 _aHoboken, NJ
_bWiley
_c2010
300 _axi, 328 p. ; 23 cm
500 _aIncludes bibliographical references and index
650 _aPublic opinion polls
650 _aPublic opinion polls - Europe
650 _aSocial surveys - Response rate
650 _aSocial surveys - Response rate - Europe
990 _ab38ef71dac10000c0cd17ec5441180ee
991 _a224360
999 _c212420
_d212420